| 000 | 00677nam a2200181Ia 4500 | ||
|---|---|---|---|
| 008 | 151018s9999 xx 000 0 und d | ||
| 082 |
_bRBASDV60858 _a891.468 |
||
| 100 | _aआप्पासाहेब माळी | ||
| 245 | _aकोल्हापुरी रंग टंग | ||
| 250 | _b2 | ||
| 260 |
_bआलोक प्रकाशन कोल्हापूर _c2012 |
||
| 300 | _a130 | ||
| 600 | _aआप्पासाहेब माळी | ||
| 630 | _aकोल्हापुरी रंग टंग | ||
| 700 | _aआप्पासाहेब माळी | ||
| 730 | _aकोल्हापुरी रंग टंग | ||
| 942 | _cBOOK | ||
| 999 |
_c1054359 _d1054356 |
||